00554nam a2200205 a 450000500170000000800410001703500190005810000190007722200180009624500710011430000100018536200190019550500150021465300260022965300260025565300220028190400150030390500130031899900170033120210219153342.0991125n 000 0 u aUPN01000093305 aRaggatt, Peter aOPEN LEARNING aPost-fordism and distance education-a flexible strategy for change a21-31 a8, No. 1, 1993 aJulio 19930 aEDUCACION A DISTANCIA0 aESTRATEGIAS DE CAMBIO0 aINDUSTRIALIZACION aACb031116 aArticulo c74638d74638